Changing Dynamics of Higher Education (Record no. 45318)

MARC details
000 -LEADER
fixed length control field 00481nam a2200193Ia 4500
008 - FIXED-LENGTH DATA ELEMENTS--GENERAL INFORMATION
fixed length control field 220531s9999 xx 000 0 und d
020 ## - INTERNATIONAL STANDARD BOOK NUMBER
International Standard Book Number 978-93-5056-769-2
041 ## - LANGUAGE CODE
Language code of text/sound track or separate title eng
082 ## - DEWEY DECIMAL CLASSIFICATION NUMBER
Item number CHA / DAS
100 ## - MAIN ENTRY--PERSONAL NAME
Personal name Das, Kartick
9 (RLIN) 82147
245 ## - TITLE STATEMENT
Title Changing Dynamics of Higher Education
250 ## - EDITION STATEMENT
Edition statement 1ST
260 ## - PUBLICATION, DISTRIBUTION, ETC. (IMPRINT)
Place of publication, distribution, etc. New Delhi
Name of publisher, distributor, etc. DPH
Date of publication, distribution, etc. 2016
300 ## - PHYSICAL DESCRIPTION
Extent 214
542 ## - INFORMATION RELATING TO COPYRIGHT STATUS
Copyright holder 22-01-2019
650 ## - SUBJECT ADDED ENTRY--TOPICAL TERM
Topical term or geographic name as entry element Education
9 (RLIN) 82148
906 ## - LOCAL DATA ELEMENT F, LDF (RLIN)
d 2018-2019
f 15732
Holdings
Withdrawn status Lost status Source of classification or shelving scheme Damaged status Not for loan Collection code Home library Current library Date acquired Vendor Cost, normal purchase price Total Checkouts Total Holds Full call number Barcode Date last seen Cost, replacement price Bill Date Koha item type Original Barcode
    Dewey Decimal Classification       Shri Siddhivinayak Mahila Mahavidyalaya Shri Siddhivinayak Mahila Mahavidyalaya 22/01/2019 Universal 900.00   1 /CHA/DAS/B/23118 SSMM-BK-23118 06/08/2022 900.00 06/08/2022 Books 010023118